书目信息 |
| 题名: |
生态梅州建设的战略思考
|
|
| 作者: | 陈章和 , 廖运生 主编 | |
| 分册: | ||
| 出版信息: | 北京 科学出版社 2004 |
|
| 页数: | 10,144页 | |
| 开本: | 24cm | |
| 丛书名: | ||
| 单 册: | ||
| 中图分类: | X22 | |
| 科图分类: | ||
| 主题词: | 可持续性发展--研究--梅州市 , 可持续性发展 | |
| 电子资源: | ||
| ISBN: | 7-03-014733-2 | |
| 000 | 00943nam0 2200265 450 | |
| 001 | 002853014 | |
| 005 | 20070805150327.31 | |
| 010 | @a7-03-014733-2@dCNY24.00 | |
| 035 | @a002853014 | |
| 100 | @a20050104d2004 em y0chiy0110 ea | |
| 101 | 0 | @achi |
| 102 | @aCN@b110000 | |
| 105 | @aa z 000yy | |
| 106 | @ar | |
| 200 | 1 | @a生态梅州建设的战略思考@Asheng tai mei zhou jian she de zhan lve si kao@f陈章和,廖运生主编@Fchen zhang he, liao yun sheng zhu bian |
| 210 | @a北京@c科学出版社@d2004 | |
| 215 | @a10,144页@c照片,图@d24cm | |
| 330 | @a本书在深入分析广东省梅州市自然、环境、经济与社会现状的基础上,运用生态学的基本原理,提出了梅州市生态工业、生态农业、生态林业及生态旅游业的发展战略。 | |
| 606 | 0 | @a可持续性发展@x研究@y梅州市 |
| 606 | 0 | @a可持续性发展 |
| 690 | @aX22@v4 | |
| 701 | 0 | @a陈章和@Achen zhang he@c(生态建设)@4主编 |
| 701 | 0 | @a廖运生@Aliao yun sheng@4主编 |
| 801 | 0 | @aCN@bNLC@c20070805 |
| 905 | @dX22@e108@f4 | |
| 生态梅州建设的战略思考/陈章和,廖运生主编.-北京:科学出版社,2004 |
| 10,144页:照片,图;24cm |
| ISBN 7-03-014733-2:CNY24.00 |
| 本书在深入分析广东省梅州市自然、环境、经济与社会现状的基础上,运用生态学的基本原理,提出了梅州市生态工业、生态农业、生态林业及生态旅游业的发展战略。 |
| ● |
| 相关链接 |
|
|
|
|
正题名:生态梅州建设的战略思考
索取号:X22/108
 
预约/预借
| 序号 | 登录号 | 条形码 | 馆藏地/架位号 | 状态 | 备注 |
| 1 | 0851747 | 208517470 | 第二样本阅览室/ [索取号:X22/108] | 在馆 | |
| 2 | 0851748 | 208517489 | 第三借阅区/ [索取号:X22/108] | 在馆 | |
| 3 | 0851749 | 208517498 | 第三借阅区/ [索取号:X22/108] | 在馆 | |
| 4 | 0851750 | 208517504 | 第三借阅区/ [索取号:X22/108] | 在馆 |